000
00273nam a22001337a 4500
020
_a
0-7214-0713-7
082
_a
920
_b
MOR/Q
100
_a
MORRISON,IAN A
245
_a
THE QUEEN MOTHER
260
_a
UK
_b
LADY BIRD
300
_a
51
650
_a
BIOGRAPHY
_z
UK
942
_c
BK
999
_c
6344
_d
6344